000 00443nam a2200157 4500
001 123275
003 ES-MaACL
005 20230906192137.0
007 t|
008 070214s1920 mx r ||||0| spa d
100 1 _aRabasa, Emilio.
_994841
245 1 3 _aLa evolución histórica de México /
_cEmilio Rabasa.
260 _aMéxico :
_b[s. n.],
_c1920 (
_fImp. Franco-Mexicana)
300 _aVI, 349 p ;
_c21 cm.
852 _aES-MaACL
_jC-3413
999 _c123275
_d123275